Statistiques concernant Chaîne de mots - Le Seigneur des anneaux

Cliquez ici pour prendre le quiz!

Statistiques générales

  • Ce quiz a été pris 1 197 fois
  • Le résultat moyen est 20 sur 32

Statistiques - réponses

IndiceRéponse% Correct
Magicien gris devenu blancGandalf
99%
À la recherche de son précieuxGollum
92%
Espèce aux pieds velusHobbit
87%
Un excellent archer blondLegolas
87%
Troisième tome: Le retour du ...Roi
86%
Individus de petite taille, mais à longue barbeNains
85%
Créateur de l'anneau uniqueSauron
84%
Elrond, Galadriel, Thranduil ...Elfes
83%
Jardinier de monsieur FrodonSam
81%
Nom porté par Bilbon et FrodonSacquet
80%
Dragon endormi sous le mont solitaireSmaug
80%
Auteur de la trilogieTolkien
79%
Arbres mobiles dotés de la paroleEnts
71%
Continent où se déroule la trilogieTerre du millieu
71%
Incarné par Christopher Lee au cinémaSaroumane
67%
Race d'orques au bouclier marqué d'une main blancheUruk-hai
61%
9 hommes corrompus par leur anneauNazgûl
60%
S'empare de l'anneau en tranchant le doigt de son propriétaireIsildur
59%
Cité où réside ElrondFondcombe
55%
Magicien brun passionné des animauxRadagast
54%
Sa capitale est EdorasRohan
53%
Surnommé "langue de serpent"Gríma
49%
Âge au cours duquel se déroule l'histoireTroisième
48%
Neveu de Théoden et frère d'ÉowynÉomer
47%
Le magicien gris en langue elfiqueMithrandir
45%
Territoire où se situe la tour d'OrthancIsengard
44%
L'orque pâleAzog
43%
Tué non par un homme, mais par une femme!Roi-sorcier
41%
Premier seigneur des ténèbresMorgoth
39%
Lignée de Thorin, Thrain et ThrórDurin
35%
Île en forme d'étoile, élevée de la merNúmenor
22%
Système d'écriture déchiffrable par ElrondRunes
21%

Distribution des résultats

Percentile par nombre de réponses

% des personnes avec chaque résultat

Votre développement - résultats

Vous n’avez pas pris ce quiz